000 00884nmm a2200277 a 4500
001 ocm000592802
003 TR-IsHL
005 20201028122008.0
008 110704s2002 tu tur
007 cr cn
020 _a9789756791684
035 _a592802
_b(N$T)
050 0 4 _aPL248.A85
_bD5 2002
090 0 4 _aPL248.A85
_bD5 2002
100 1 _aAslan, Ali Asker
245 1 0 _aDikenli yollar
_h[electronic resource] /
_cAli Asker Aslan
250 _a1. bs.
260 _aİstanbul :
_bCan Yayınları,
_c2002
300 _a448 p.
650 4 _aDil ve Edebiyat
650 4 _aLanguage and Literature
650 0 _aAslan, Ali Asker, 1954- .
_x Anılar
650 0 _aAslan, Ali Asker, 1954 -.
_x Memories
650 7 _aBIOGRAPHY & AUTOBIOGRAPHY / Literary
_2bisacsh
856 4 0 _uhttp://search.ebscohost.com/login.aspx?direct=true&scope=site&db=e011xww&AN=592802
999 _c1629
_d1629